[Event "FRA-chT2 West 0809"]
[Site "France"]
[Date "2009.04.05"]
[Round "11.8"]
[White "Wasylyk, Laure"]
[Black "Soissong, Elzbieta"]
[Result "1-0"]
[WhiteElo "2141"]
[BlackElo "1683"]
[PlyCount "109"]
[EventDate "2008.10.19"]
[EventType "team-tourn"]
[EventRounds "11"]
[EventCountry "FRA"]
[SourceTitle "EXT 2010"]
[Source "ChessBase"]
[SourceDate "2010.11.25"]
[SourceVersion "1"]
[SourceVersionDate "2010.11.25"]
[SourceQuality "1"]
[WhiteTeam "Issy les Moulineaux"]
[BlackTeam "Echiquier Bordelais"]
[WhiteTeamCountry "FRA"]
[BlackTeamCountry "FRA"]

1. e4 e5 2. Nf3 d6 3. d4 Nd7 4. Nc3 c6 5. dxe5 dxe5 6. Bc4 Be7 7. 0-0 Ngf6 8. Bg5 0-0 9. Qe2 Qc7 10. h3 b5 11. Bd3 Nc5 12. a3 Nxd3 13. cxd3 Be6 14. Rfd1 Rad8 15. d4 exd4 16. Nxd4 Bc8 17. e5 Nd5 18. Nxd5 Rxd5 19. Bxe7 Qxe7 20. Nxc6 Rxd1+ 21. Rxd1 Qc5 22. Nb4 Be6 23. Nd3 Bc4 24. Nxc5 Bxe2 25. Rd7 a5 26. e6 fxe6 27. Nxe6 Rc8 28. Rxg7+ Kh8 29. Rc7 Re8 30. Ng5 Bd3 31. Rd7 Re1+ 32. Kh2 Bc2 33. Rd2 Bb3 34. Nf3 Rc1 35. Nd4 Bc4 36. Kg3 a4 37. Rc2 Rd1 38. Nf3 Rd6 39. Ne5 Bb3 40. Re2 Kg7 41. f4 Kf6 42. Rf2 Kf5 43. Kf3 h5 44. g4+ hxg4+ 45. hxg4+ Kf6 46. Rh2 Rd1 47. Rh6+ Kg7 48. Rh2 Re1 49. Rd2 Rb1 50. Ke4 Rg1 51. Kf5 Rc1 52. Kg5 Rc5 53. Rd7+ Bf7 54. Rxf7+ Kg8 55. Rb7 1-0

[Event "FRA-chT2 Nord 0708"]
[Site "France"]
[Date "2007.12.16"]
[Round "4.8"]
[White "Wasylyk, Laure"]
[Black "Mousset Evtouchenko, Nina"]
[Result "0-1"]
[WhiteElo "2141"]
[BlackElo "1843"]
[PlyCount "64"]
[EventDate "2007.10.21"]
[EventType "team"]
[EventRounds "11"]
[EventCountry "FRA"]
[SourceTitle "EXT 2009"]
[Source "ChessBase"]
[SourceDate "2008.11.26"]
[SourceVersion "1"]
[SourceVersionDate "2008.11.26"]
[SourceQuality "1"]
[WhiteTeam "Issy les Moulineaux"]
[BlackTeam "Club 608"]
[WhiteTeamCountry "FRA"]
[BlackTeamCountry "FRA"]

1. e4 c5 2. Nf3 d6 3. d4 cxd4 4. Nxd4 Nf6 5. Nc3 a6 6. Be2 e6 7. 0-0 b5 8. a3 Be7 9. Be3 Bb7 10. Bd3 Nbd7 11. f4 0-0 12. Nb3 Rc8 13. Bd4 e5 14. Be3 Nb6 15. Nd2 Re8 16. Qf3 Bf8 17. Qg3 exf4 18. Qxf4 Nc4 19. Bxc4 bxc4 20. Bd4 Be7 21. Rae1 Rf8 22. Kh1 Qd7 23. e5 Nh5 24. Qf2 Qg4 25. Nde4 d5 26. Ng3 Bh4 27. Nce2 Rc6 28. Qf5 Rg6 29. Qxh5 Qxh5 30. Nxh5 Bxe1 31. Rxe1 Rg4 32. Nhf4 g5 0-1

[Event "FRA-chT Top 12 (Women)"]
[Site "Rennes"]
[Date "2007.05.13"]
[Round "5"]
[White "Wasylyk, Laure"]
[Black "Dourerassou, Cynthia"]
[Result "1-0"]
[WhiteElo "2141"]
[BlackElo "1934"]
[PlyCount "137"]
[EventDate "2007.05.11"]
[EventType "team"]
[EventRounds "5"]
[EventCountry "FRA"]
[SourceTitle "CBM 118 Extra"]
[Source "ChessBase"]
[SourceDate "2007.07.04"]
[SourceVersion "1"]
[SourceVersionDate "2007.07.04"]
[SourceQuality "1"]
[WhiteTeam "Vandoeuvre"]
[BlackTeam "Creteil"]
[WhiteTeamCountry "FRA"]
[BlackTeamCountry "FRA"]

1. e4 e5 2. Nf3 Nc6 3. d4 exd4 4. Bc4 Nge7 5. Nxd4 g6 6. Bg5 Bg7 7. Nxc6 bxc6 8. Qf3 0-0 9. Bf6 d5 10. Bxg7 Kxg7 11. Qc3+ Kg8 12. Bd3 dxe4 13. Bxe4 Ba6 14. Nd2 Rb8 15. 0-0-0 Qc8 16. Nb3 Bb7 17. h4 Nd5 18. Qf3 f5 19. Bd3 Ba6 20. a3 Bxd3 21. Qxd3 Nf6 22. Qc4+ Kh8 23. Qxc6 Ne4 24. h5 Rf6 25. Qc4 Rbb6 26. hxg6 Rxg6 27. Qd4+ Kg8 28. Qd8+ Qxd8 29. Rxd8+ Kg7 30. Rd7+ Kf6 31. f3 Ng5 32. Rxc7 a6 33. Rd1 Ne6 34. Rxh7 Rxg2 35. Rhh1 Rc6 36. Rd2 Rg3 37. Rf1 Ng5 38. Nd4 Rc4 39. c3 Nh3 40. Re1 Nf4 41. Rh2 Nd3+ 42. Kd2 Nxe1 43. Kxe1 Rc8 44. Rh6+ Kg5 45. Rxa6 Rh8 46. Kf2 Rgh3 47. Rb6 Rh2+ 48. Ke3 Re8+ 49. Kd3 f4 50. Ne6+ Kh4 51. Nxf4 Kg3 52. Nd5 Kxf3 53. c4 Kf2 54. b3 Rh4 55. Kc3 Rf8 56. Kb4 Rd8 57. Ka5 Rh3 58. Kb4 Rh4 59. Kc5 Rc8+ 60. Rc6 Ra8 61. a4 Rh3 62. Kb4 Rb8+ 63. Rb6 Rg8 64. a5 Ra8 65. a6 Rh7 66. Kb5 Ke2 67. c5 Rh3 68. b4 Kd3 69. Nf4+ 1-0